Statystyki dla Kosy Csgo

Kliknij tutaj aby rozwiązać quiz!

Ogólne statystyki

  • Ten quiz został rozwiązany 106 razy
  • Średni wynik to 6 z 18

Statystyki odpowiedzi

LiteraKosa% Poprawnych
KKarambit
92%
BBagnet
66%
MMotylkowy
63%
UUrsus
61%
NNavaja
45%
BBagnet M9
42%
SSztylet
41%
BBowie
38%
SSzpon
30%
FFalcjon
25%
PParacord
23%
SSkładany
21%
SSztylety cienia
20%
KKlasyczny
18%
MMyśliwski
17%
SSzkieletowy
17%
NNomada
15%
SSurvivalowy
15%

Rozkład punktacji

Percentyl według liczby udzielonych odpowiedzi

Procent ludzi z każdym wynikiem

Twoja historia wyników

Nie rozwiązałeś tego quizu